Finance : environment and decisions

Bibliographic Details
Main Authors: Christy, George A. (Author), Roden, Peyton Foster (Author)
Format: Book
Published: New York : Harper & Row , 1981.
Edition:3rd ed
Subjects:

MARC

LEADER 00000cam a2200000 7i4500
001 0000006516
005 20041017093000.0
008 021119s1981
020 |a 0060413026 
090 0 0 |a HG4026   |b .C525 
100 0 |a Christy, George A. ,   |e author 
245 1 0 |a Finance :   |b environment and decisions   |c George A. Christy, Peyton Foster Roden 
250 |a 3rd ed 
260 2 |a New York :   |b Harper & Row ,   |c 1981. 
300 |a 445 p. ;   |c 25 cm. 
504 |a Includes bibliographical reference and index 
650 0 |a Business enterprises   |x Finance 
650 0 |a Corporations   |x Finance 
650 0 |a Finance 
700 1 |a Roden, Peyton Foster ,   |e author 
999 |a 1000017448   |b Book   |c OPEN SHELF (30 DAYS)   |e Gong Badak Campus